| 000 -ლიდერი |
| ფიქსირებული სიგრძის საკონტროლო ველი |
02270nam a22002897a 4500 |
| 003 - საკონტროლო ნომრის იდენტიფიკატორი |
| საკონტროლო ველი |
Ge_BSU |
| 005 - ბოლო ოპერაციის თარიღი და დრო |
| საკონტროლო ველი |
20240305170157.0 |
| 008 - ფიქსირებული სიგრძის მონაცემთა ელემენტები - ზოგადი ინფორმაცია |
| ფიქსირებული სიგრძის საკონტროლო ველი |
240305s2023 ge ||||| |||| 00| 0 geo d |
| 020 ## - წიგნის საერთაშორისო სტანდარტული ნომერი |
| International Standard Book Number |
9789941861789 |
| 041 ## - ენის კოდი |
| Language code of text/sound track or separate title |
geo |
| 080 ## - უნივერსალური ათობითი კლასიფიკაციის ინდექსი |
| Universal Decimal Classification number |
342.7 ლ-80 |
| 100 ## - მთავარი ჩანაწერი - პიროვნების სახელი |
| Personal name |
ლოლაძე, ბესიკ |
| 9 (RLIN) |
21329 |
| 245 ## - ცნობა სათაურის შესახებ |
| Title |
ძირითადი უფლებები : |
| Remainder of title |
კომენტარი : [სახელმძღვანელო] / |
| Statement of responsibility, etc |
ბესიკ ლოლაძე, ანა ფირცხალაიშვილი; სამეცნიერო რედაქტორი გიორგი ხუბუა; რედაქტორები: ლილი სალაძე, ნიკოლოზ კობახიძე, მარიამ ფერაძე. |
| 264 ## - წარმოების, გამოცემის, დისტრიბუციის და სხვა ცნობები |
| გამოცემის, წარმოების, დისტრიბუციის... ადგილი |
თბილისი : |
| გამოცემის, წარმოების, დისტრიბუციის... სახელწოდება |
შპს "ფორმა", |
| გამოცემის, წარმოების, დისტრიბუციის... თარიღი |
2023. |
| 300 ## - ფიზიკური აღწერა |
| Extent |
1007 გვ. ; |
| Other physical details |
25 სმ. |
| 500 ## - ზოგადი შენიშვნა |
| General note |
წიგნი მომზადდა და გამოიცა საქართველოს ეროვნული უნივერსიტეტი სეუ-ს მიერ, USAID სამართლის უზენაესობის პროგრამის მხარდაჭერით, აშშ-ს საერთაშორისო განვითარების სააგენტოს (USAID) დაფინანსებით. |
| 504 ## - BIBLIOGRAPHY, ETC. NOTE |
| Bibliography, etc |
ბიბლიოგრაფია: გვ. 931-948. |
| 653 ## - INDEX TERM--UNCONTROLLED |
| Uncontrolled term |
ადამიანის ძირითადი უფლებები |
| 653 ## - INDEX TERM--UNCONTROLLED |
| Uncontrolled term |
სამართალი |
| 700 ## - ADDED ENTRY--PERSONAL NAME |
| Personal name |
ფირცხალაიშვილი, ანა |
| Relator term |
ავტორი |
| 9 (RLIN) |
8085 |
| 700 ## - ADDED ENTRY--PERSONAL NAME |
| Personal name |
ხუბუა, გიორგი |
| Relator term |
სამეცნიერო რედაქტორი |
| 9 (RLIN) |
21330 |
| 700 ## - ADDED ENTRY--PERSONAL NAME |
| Personal name |
სალაძე, ლილი |
| Relator term |
რედაქტორი |
| 9 (RLIN) |
21331 |
| 700 ## - ADDED ENTRY--PERSONAL NAME |
| Personal name |
კობახიძე, ნიკოლოზ |
| Relator term |
რედაქტორი |
| 9 (RLIN) |
21332 |
| 700 ## - ADDED ENTRY--PERSONAL NAME |
| Personal name |
ფერაძე, მარიამ |
| Relator term |
რედაქტორი |
| 9 (RLIN) |
21333 |
| 700 ## - ADDED ENTRY--PERSONAL NAME |
| Personal name |
ჩხეიძე, გიორგი |
| Relator term |
წინასიტყვაობის ავტორი |
| 9 (RLIN) |
21334 |
| 942 ## - ADDED ENTRY ELEMENTS (KOHA) |
| Source of classification or shelving scheme |
|
| Koha item type |
წიგნი |